000 00358nam a22001457a 4500
003 OSt
005 20160727222419.0
008 160627b xxu||||| |||| 00| 0 eng d
040 _cTEST
100 _91220
_aTames, R
245 _aThe Steam Engine
260 _aUNITED KINGDOM
_bREAD EDU.& PROFESSIONAL PUB.
_c1999
300 _aThe Steam Engine
942 _2ddc
_cBK
999 _c995
_d995